Loading...
History - World History | 1 | 7 | 0 | 0 | 85 | 61 | 89.75 | 2 | 8 |
Philosophy | 1 | 6 | 2 | 1 | 65 | 76 | 100.86 | 4 | 7 |
Literature - European Literature | 0 | 5 | 0 | 2 | 50 | 114 | 136.00 | 0 | 5 |
History - European History | 2 | 2 | 0 | 0 | 50 | 49 | 73.50 | 3 | 4 |
Literature - American Literature | 0 | 5 | 1 | 0 | 45 | 97 | 112.40 | 3 | 5 |
Literature - British Literature | 0 | 5 | 2 | 0 | 40 | 108 | 125.80 | 1 | 5 |
Literature - World Literature | 0 | 3 | 0 | 0 | 30 | 91 | 97.33 | 1 | 3 |
Social Science | 0 | 2 | 0 | 0 | 20 | 93 | 111.00 | 0 | 2 |
Social Science- Edited | 0 | 1 | 0 | 0 | 10 | 83 | 83.00 | 0 | 1 |
Fine Arts - Visual Fine Arts | 0 | 1 | 0 | 1 | 10 | 145 | 145.00 | 0 | 1 |
History - American History | 0 | 1 | 0 | 0 | 10 | 68 | 68.00 | 1 | 1 |
History - Other History | 0 | 2 | 2 | 1 | 10 | 92 | 107.00 | 0 | 2 |
Mythology | 0 | 1 | 0 | 0 | 10 | 128 | 128.00 | 0 | 1 |
Other Academic | 0 | 1 | 0 | 0 | 10 | 83 | 83.00 | 1 | 1 |
Pop Culture | 0 | 1 | 0 | 0 | 10 | 81 | 81.00 | 0 | 1 |
Religion | 0 | 1 | 0 | 0 | 10 | 104 | 104.00 | 1 | 1 |
Fine Arts - Auditory Fine Arts | 0 | 1 | 0 | 0 | 10 | 121 | 121.00 | 0 | 1 |
Fine Arts - Other Fine Arts | 0 | 0 | 0 | 0 | 0 | 0.00 | 0 | 0 |